Ohodnocovanie, financovanie a post akvizičná integrácia podnikov
Rýchlo sa meniace podnikateľské prostredie, rast konkurencie medzi spoločnosťami a hľadanie možností ako uspieť v konkurenčnom boji a dosiahnuť vyšší zisk. Cezhraničné fúzie a akvizície ako jeden z nástrojov na dosiahnutie týchto zámerov. Ohodnocovanie cezhraničných fúzií a akvizícií. Financovanie z...
Guardado en:
| Autor principal: | |
|---|---|
| Formato: | Capítulo de libro |
| Lenguaje: | eslovaco |
| Materias: | |
| Etiquetas: |
Sin Etiquetas, Sea el primero en etiquetar este registro!
|
MARC
| LEADER | 00000nla a2200000 4500 | ||
|---|---|---|---|
| 001 | 0247820 | ||
| 005 | 20240502083702.3 | ||
| 041 | 0 | |a slo | |
| 044 | |a CZ | ||
| 245 | 1 | 0 | |a Ohodnocovanie, financovanie a post akvizičná integrácia podnikov |c Anna Polednáková |
| 520 | |a Rýchlo sa meniace podnikateľské prostredie, rast konkurencie medzi spoločnosťami a hľadanie možností ako uspieť v konkurenčnom boji a dosiahnuť vyšší zisk. Cezhraničné fúzie a akvizície ako jeden z nástrojov na dosiahnutie týchto zámerov. Ohodnocovanie cezhraničných fúzií a akvizícií. Financovanie zahraničnej akvizície. Post-akvizičná etapa. | ||
| 610 | 2 | 0 | |a podnikanie v zahraničí |
| 610 | 2 | 0 | |a akvizícia |
| 610 | 2 | 0 | |a fúzie |
| 610 | 2 | 0 | |a financovanie |
| 610 | 2 | 0 | |a ohodnocovanie |
| 610 | 2 | 0 | |a metódy ohodnocovania |
| 610 | 2 | 0 | |a integrácia |
| 100 | 1 | |a Polednáková, Anna, 1957- | |